000 01482nam0a2200361 4500
001 RU\NLR\bibl\75314
005 20250616101426.0
010 _a5-89382-026-6
_913000
021 _aRU
_b1998-39596
_91900
035 _a(NLR Aleph) 000073504
090 _a406444
_c406444
100 _a20000316d1998 |||y0rusy50 ca
101 0 _arus
_afre
102 _aRU
105 _aa |||||||||
200 1 _aКнига для чтения к учебнику французского языка для V класса школ с углубленным изучением французского языка
_fСост. В.Д. Ошанин, Н.Б. Ошанина
205 _a5-е изд., дораб.
210 _aМ.
_cДом педагогики
_cМоск. учеб.
_d1998
215 _a102,[2] с.
_cил.
_d21
300 _aНа обл.: Livre de lecture: 5 / V. Ochanine, N. Ochanina
512 1 _6z11790
_aLivre de lecture: 5
606 0 _aФранцузский язык
_jХрестоматии
_91524672
_3RU\NLR\auth\66964829
686 _aШ147.11-93рус221[5]хрест
702 1 _aОшанин
_bВ. Д.
_gВладимир Дмитриевич
_4220
790 1 _6z11
_aOšanin
_bV. D.
_gVladimir Dmitrievič
_4070
790 1 _6z11
_aOyanina
_bN. B.
_gNadežda Borisovna
_4070
801 0 _aRU
_bNLR
_c20000316
_gPSBO
801 1 _aRU
_bNLR
_c20000316
830 _aСост. по кн.
852 _aNLR
_j99-5/5239
942 _cBOOK
980 _aNB